| 000 | 00534nam a22001937a 4500 | ||
|---|---|---|---|
| 003 | KOHA_MİRAKIL | ||
| 005 | 20260330121240.0 | ||
| 008 | 260330b tu ||||| |||| 00| 0 tur d | ||
| 020 | _a9789750530241 | ||
| 040 |
_aTR-AnABB _btur _cTR-AnABB |
||
| 041 | _atur | ||
| 082 |
_a923.1 _bBOR 2021 |
||
| 100 | 1 | _aBora, Tanıl | |
| 245 | 1 | 0 |
_aHasan Ali Yücel / _cTanıl Bora |
| 260 |
_aİstanbul : _bİletişim Yayıncılık, _c2021 |
||
| 300 |
_a532 sayfa ; _c20 cm |
||
| 650 | 0 | 4 | _aBiyografi, eğitimciler |
| 942 |
_2ddc _cBK |
||
| 999 |
_c10088 _d10088 |
||
| 900 | _bCem ÖZOGLU | ||